| 000 | 00641nam a22002177a 4500 | ||
|---|---|---|---|
| 999 |
_c18143 _d18143 |
||
| 003 | AR-CdUCM | ||
| 008 | 190513b ||||| |||| 00| 0 spa d | ||
| 040 |
_aMUNICIPALIDAD PROVINCIAL DEL CUSCO _cBIBLIOTECA MUNICIPAL DEL CUSCO |
||
| 082 |
_a808.83 / _bG57 |
||
| 100 |
_aGoethe, Johann Wolfgang von _92911 |
||
| 245 | _aWerther / | ||
| 260 |
_aEspaƱa : _bAlianza, _c1969. |
||
| 300 |
_a173 paginas ; _c19 cm. |
||
| 505 | _aContenido : Novela | ||
| 650 |
_aNovelas alemanas _92845 |
||
| 650 |
_a-Adaptaciones _91309 |
||
| 650 |
_aSiglo XIX _9971 |
||
| 650 |
_aLiteratura europea _9894 |
||
| 942 |
_2ddc _cLIBROS |
||
| 945 |
_awnts _d2019-05-13 |
||